All train stations in the West Midlands - Statistics

General Stats
  • This quiz has been taken 68 times
  • The average score is 38 of 69
Answer Stats
Group Answer % Correct
Rugby-Birmingham-Stafford line Birmingham New Street
97%
Rugby-Birmingham-Stafford line Coventry
92%
Chiltern main line Birmingham Moor Street
90%
Chiltern main line Birmingham Snow Hill
85%
Chiltern main line Solihull
85%
Rugby-Birmingham-Stafford line Wolverhampton
85%
Cross-City line Aston
79%
Cross-City line University
79%
Chase line Walsall
79%
Cross-City line Sutton Coldfield
77%
Cross-City line Five Ways
72%
Cross-City line Selly Oak
72%
Stourbridge Town branch line Stourbridge Town
72%
Rugby-Birmingham-Stafford line Smethwick Galton Bridge
69%
Kidderminster line Stourbridge Junction
69%
Rugby-Birmingham-Stafford line Coseley
64%
Chiltern main line Acocks Green
62%
Rugby-Birmingham-Stafford line Birmingham International
62%
Kidderminster line Jewellery Quarter
62%
Chiltern main line Dorridge
59%
Cross-City line Erdington
59%
Rugby-Birmingham-Stafford line Smethwick Rolfe Street
59%
Rugby-Birmingham-Stafford line Tipton
59%
Cross-City line Bournville
56%
Rugby-Birmingham-Stafford line Canley
56%
Rugby-Birmingham-Stafford line Dudley Port
56%
Cross-City line Four Oaks
56%
Cross-City line Kings Norton
56%
Cross-City line Longbridge
56%
Rugby-Birmingham-Stafford line Sandwell & Dudley
56%
Rugby-Birmingham-Stafford line Tile Hill
56%
Cross-City line Duddeston
54%
Kidderminster line The Hawthorns
54%
Chiltern main line Bordesley
51%
Coventry-Nuneaton line Coventry Arena
51%
Kidderminster line Cradley Heath
51%
Cross-City line Gravelly Hill
51%
Rugby-Birmingham-Stafford line Marston Green
51%
Cross-City line Northfield
51%
Cross-City line Blake Street
49%
Chase line Bloxwich
49%
Cross-City line Butlers Lane
49%
Kidderminster line Rowley Regis
49%
North Warwickshire line Shirley
49%
Chiltern main line Tyseley
49%
Cross-City line Wylde Green
49%
Cross-City line Chester Road
46%
Rugby-Birmingham-Stafford line Hampton-in-Arden
46%
Kidderminster line Lye
46%
Chase line Perry Barr
46%
Chiltern main line Small Heath
46%
Chase line Witton
46%
Rugby-Birmingham-Stafford line Berkswell
44%
Rugby-Birmingham-Stafford line Lea Hall
44%
Kidderminster line Old Hill
44%
Rugby-Birmingham-Stafford line Stechford
44%
Rugby-Birmingham-Stafford line Adderley Park
38%
Chase line Bescot Stadium
38%
Chase line Bloxwich North
38%
Chiltern main line Olton
38%
Chase line Tame Bridge Parkway
38%
North Warwickshire line Hall Green
36%
North Warwickshire line Yardley Wood
36%
Chase line Hamstead
33%
Kidderminster line Langley Green
33%
North Warwickshire line Earlswood
31%
North Warwickshire line Whitlocks End
31%
Chiltern main line Widney Manor
31%
North Warwickshire line Spring Road
23%
No matching quizzes found
Score Distribution
Percent of People with Each Score
Percentile by Number Answered
Your Score History
You have not taken this quiz